000 00290nam a2200109Ia 4500
008 190216s9999||||xx |||||||||||||| ||und||
100 _aNamboodiri.A.P.P.
245 2 _aA P P Yude Prabanthangal
260 _bSahithya Pravarthaka Sahakarana Sangam
650 _aMalayalam Essays
942 _cBK
999 _c26360
_d26360